[Event "UKR-ch blitz (Women)"]
[Site "Kherson"]
[Date "2020.12.05"]
[Round "6"]
[White "Maiko, Alina"]
[Black "Lyshchenko, Polina"]
[Result "0-1"]
[WhiteElo "2007"]
[BlackElo "1759"]
[PlyCount "96"]
[EventDate "2020.12.05"]
[EventType "swiss (blitz)"]
[EventRounds "9"]
[EventCountry "UKR"]
[SourceTitle "CBM 199 Extra"]
[Source "ChessBase"]
[SourceDate "2021.01.31"]
[SourceVersion "1"]
[SourceVersionDate "2021.01.31"]
[SourceQuality "1"]

1. d4 Nf6 2. c4 g6 3. Nc3 Bg7 4. Nf3 0-0 5. Bf4 d6 6. e3 Nfd7 7. h3 e5 8. Bh2 Nc6 9. Be2 exd4 10. exd4 Re8 11. 0-0 Nf6 12. a3 a5 13. Re1 Bd7 14. Nb5 Ne7 15. c5 Bxb5 16. Bxb5 c6 17. Bc4 dxc5 18. dxc5 Ned5 19. Bd6 Rxe1+ 20. Qxe1 Qe8 21. Qd1 Qe4 22. Bd3 Qe6 23. Ng5 Qd7 24. Qc2 Re8 25. Bc4 h6 26. Nf3 Qf5 27. Qxf5 gxf5 28. Nd4 f4 29. Nf5 Re4 30. Ba2 Re2 31. Rb1 Ne8 32. Bxd5 cxd5 33. Ne7+ Kh7 34. Nxd5 Nxd6 35. cxd6 Rd2 36. Nxf4 Rxd6 37. b4 axb4 38. axb4 Rd4 39. Ne2 Rd2 40. Ng3 Bd4 41. Ne4 Re2 42. Nc5 Rxf2 43. Kh1 Rc2 44. Ne4 b6 45. Nd6 Rd2 46. Nxf7 Kg6 47. Nd6 Be3 48. Nc4 Re2 0-1

[Event "UKR-ch blitz (Women)"]
[Site "Kherson"]
[Date "2020.12.05"]
[Round "2"]
[White "Maiko, Alina"]
[Black "Tribushnaya, Olga"]
[Result "1-0"]
[WhiteElo "2007"]
[BlackElo "1721"]
[PlyCount "55"]
[EventDate "2020.12.05"]
[EventType "swiss (blitz)"]
[EventRounds "9"]
[EventCountry "UKR"]
[SourceTitle "CBM 199 Extra"]
[Source "ChessBase"]
[SourceDate "2021.01.31"]
[SourceVersion "1"]
[SourceVersionDate "2021.01.31"]
[SourceQuality "1"]

1. d4 d5 2. c4 e6 3. Nc3 Nf6 4. Nf3 c5 5. cxd5 Nxd5 6. e3 cxd4 7. Nxd4 Nxc3 8. bxc3 Nc6 9. Bd3 Nxd4 10. cxd4 Bb4+ 11. Bd2 Bxd2+ 12. Qxd2 0-0 13. 0-0 b6 14. Bc2 Bb7 15. Qd3 g6 16. Rfd1 Rc8 17. Qe2 Rc3 18. e4 Qc7 19. Bb3 Rd8 20. d5 exd5 21. exd5 Rc5 22. d6 Rxd6 23. Qe8+ Kg7 24. Rxd6 Qxd6 25. Qxf7+ Kh6 26. Qxb7 Qd4 27. Re1 Qc3 28. Qe4 1-0

[Event "UKR-ch blitz (Women)"]
[Site "Kherson"]
[Date "2020.12.05"]
[Round "7"]
[White "Tsirulnik, Maritsa"]
[Black "Maiko, Alina"]
[Result "1/2-1/2"]
[WhiteElo "2139"]
[BlackElo "2007"]
[PlyCount "116"]
[EventDate "2020.12.05"]
[EventType "swiss (blitz)"]
[EventRounds "9"]
[EventCountry "UKR"]
[SourceTitle "CBM 199 Extra"]
[Source "ChessBase"]
[SourceDate "2021.01.31"]
[SourceVersion "1"]
[SourceVersionDate "2021.01.31"]
[SourceQuality "1"]

1. d4 d5 2. c4 c6 3. Nf3 Nf6 4. g3 a6 5. Bg2 b5 6. b3 e6 7. 0-0 Nbd7 8. Nc3 g6 9. Bb2 Bg7 10. Qc2 0-0 11. e4 dxe4 12. Nxe4 Nxe4 13. Qxe4 Bb7 14. Ne5 Nxe5 15. dxe5 Qc7 16. cxb5 axb5 17. Rfd1 Rab8 18. Qc2 Bxe5 19. b4 Bxb2 20. Qxb2 Qe7 21. a4 bxa4 22. Rxa4 e5 23. Ra7 Ra8 24. Rda1 Rxa7 25. Rxa7 Qc7 26. Ra5 Re8 27. Rc5 Qd6 28. Qc2 Rd8 29. Bxc6 Bxc6 30. Rxc6 Qxb4 31. Kg2 Qb7 32. Kh3 Qd7+ 33. Kg2 Qd5+ 34. Kg1 Kg7 35. Rc8 Rxc8 36. Qxc8 Qd1+ 37. Kg2 Qd5+ 38. Kg1 Qd4 39. Qc7 e4 40. Qc2 e3 41. fxe3 Qxe3+ 42. Kg2 Qe5 43. Kg1 Qd5 44. Qb2+ Kg8 45. Qb8+ Kg7 46. Qb2+ Kg8 47. Qb8+ Kg7 48. Qb2+ f6 49. Qc2 g5 50. Qc7+ Kg6 51. Qc2+ Kg7 52. Qc7+ Qf7 53. Qc2 f5 54. Kg2 f4 55. Qc3+ Qf6 56. Qc7+ Qf7 57. Qc3+ Qf6 58. Qc7+ Qf7 1/2-1/2

[Event "Rudenko Memorial (Women)"]
[Site "Poltava"]
[Date "2010.08.08"]
[Round "11"]
[White "Maiko, Alina"]
[Black "Malimonenko, Vita"]
[Result "1-0"]
[WhiteElo "2056"]
[BlackElo "2222"]
[PlyCount "37"]
[EventDate "2010.08.03"]
[EventType "tourn"]
[EventRounds "11"]
[EventCountry "UKR"]
[SourceTitle "CBM 137 Extra"]
[Source "ChessBase"]
[SourceDate "2010.09.01"]
[SourceVersion "1"]
[SourceVersionDate "2010.09.01"]
[SourceQuality "1"]

1. d4 d6 2. Nf3 g6 3. Bf4 Bg7 4. e3 a6 5. c4 Nd7 6. Nc3 c5 7. Be2 b6 8. 0-0 Ngf6 9. d5 Qc7 10. e4 e5 11. dxe6 Ne5 12. Bxe5 dxe5 13. exf7+ Kxf7 14. Nd5 Qb8 15. Ng5+ Kf8 16. f4 Ke8 17. Nxf6+ Bxf6 18. Qd5 Rf8 19. Nxh7 1-0

[Event "Rudenko Memorial (Women)"]
[Site "Poltava"]
[Date "2010.08.05"]
[Round "6"]
[White "Kalinina, Larisa"]
[Black "Maiko, Alina"]
[Result "1-0"]
[WhiteElo "2160"]
[BlackElo "2056"]
[PlyCount "97"]
[EventDate "2010.08.03"]
[EventType "tourn"]
[EventRounds "11"]
[EventCountry "UKR"]
[SourceTitle "CBM 137 Extra"]
[Source "ChessBase"]
[SourceDate "2010.09.01"]
[SourceVersion "1"]
[SourceVersionDate "2010.09.01"]
[SourceQuality "1"]

1. e4 e6 2. d3 d5 3. Nd2 Nc6 4. Ngf3 Nf6 5. e5 Nd7 6. d4 f6 7. exf6 Qxf6 8. Nb3 Bd6 9. Bg5 Qf7 10. Qd2 0-0 11. 0-0-0 a5 12. Kb1 a4 13. Nc1 a3 14. b3 Bb4 15. c3 Bd6 16. Bb5 e5 17. Be3 exd4 18. Nxd4 Nxd4 19. cxd4 Nf6 20. f3 b6 21. Bc6 Rb8 22. g4 b5 23. Nd3 Rb6 24. Rc1 Nd7 25. Bxd7 Bxd7 26. Ne5 Bxe5 27. dxe5 Rc6 28. Bc5 Qxf3 29. Bxa3 Qe4+ 30. Ka1 Qxe5+ 31. Bb2 Rxc1+ 32. Rxc1 Qe4 33. Re1 Qf3 34. Qg5 Qf7 35. Bd4 Re8 36. Rxe8+ Bxe8 37. Kb2 c6 38. Kc3 h6 39. Qe5 Bd7 40. h3 Qf3+ 41. Kb4 Qf8+ 42. Bc5 Qf3 43. Qd6 Qe4+ 44. Ka5 Be8 45. a4 Qe1+ 46. Kb6 bxa4 47. bxa4 Qe2 48. Qf8+ Kh7 49. Bd4 1-0

[Event "Rudenko Memorial (Women)"]
[Site "Poltava"]
[Date "2010.08.05"]
[Round "5"]
[White "Maiko, Alina"]
[Black "Zingaylo, Anastasiya"]
[Result "0-1"]
[WhiteElo "2056"]
[BlackElo "2051"]
[PlyCount "84"]
[EventDate "2010.08.03"]
[EventType "tourn"]
[EventRounds "11"]
[EventCountry "UKR"]
[SourceTitle "CBM 137 Extra"]
[Source "ChessBase"]
[SourceDate "2010.09.01"]
[SourceVersion "1"]
[SourceVersionDate "2010.09.01"]
[SourceQuality "1"]

1. d4 Nf6 2. Nf3 c5 3. d5 d6 4. c4 g6 5. Nc3 Bg7 6. e4 0-0 7. Be2 a6 8. a4 Bg4 9. 0-0 b6 10. Be3 Ra7 11. h3 Bc8 12. Bf4 Nbd7 13. Qd2 Nh5 14. Bh6 Re8 15. Bxg7 Nxg7 16. Ng5 h6 17. Nf3 Kh7 18. Nh2 f5 19. exf5 Nxf5 20. Ne4 Nf6 21. Ng3 e5 22. dxe6 Bxe6 23. Bd3 Nd4 24. Rae1 d5 25. cxd5 Qxd5 26. Qf4 Rf7 27. Bxa6 Qb3 28. Ne4 Nxe4 29. Qxe4 Bd7 30. Qh4 Qxa4 31. Ng4 Bxg4 32. Rxe8 Qxe8 33. Qxg4 b5 34. h4 Rf4 35. Qh3 h5 36. Bc8 Qe7 37. g3 Nf3+ 38. Kh1 Rb4 39. Qg2 Qe2 40. Qh3 Rd4 41. Kg2 Qe4 42. Ra1 Ng5+ 0-1

[Event "UKR-ch sf U20 Girls"]
[Site "Lvov"]
[Date "2008.12.08"]
[Round "7"]
[White "Petrova, Irina"]
[Black "Maiko, Alina"]
[Result "1/2-1/2"]
[WhiteElo "1992"]
[BlackElo "2110"]
[PlyCount "93"]
[EventDate "2008.12.02"]
[EventType "swiss"]
[EventRounds "9"]
[EventCountry "UKR"]
[SourceTitle "EXT 2010"]
[Source "ChessBase"]
[SourceDate "2010.11.25"]
[SourceVersion "1"]
[SourceVersionDate "2010.11.25"]
[SourceQuality "1"]

1. d4 d5 2. c4 c6 3. Nf3 Nf6 4. Qb3 a6 5. g3 g6 6. Bg2 Bg7 7. 0-0 0-0 8. Nc3 dxc4 9. Qxc4 Be6 10. Qd3 b5 11. b3 Qb6 12. Bb2 Nbd7 13. Ng5 Rad8 14. Nxe6 fxe6 15. Rad1 e5 16. d5 Nc5 17. Qb1 b4 18. Na4 Nxa4 19. bxa4 Nxd5 20. Qe4 Qc7 21. Qc4 e6 22. Qxa6 Rd6 23. Qc4 Rfd8 24. Bxd5 exd5 25. Rxd5 Rxd5 26. e4 Qa5 27. exd5 cxd5 28. Qc6 d4 29. Bc1 Qd5 30. Qb6 Qd6 31. Qb5 Kh8 32. Bd2 Rb8 33. Qc4 Bf8 34. Rc1 Ra8 35. Bg5 h6 36. Qf7 hxg5 37. Rc7 Qxc7 38. Qxc7 Bg7 39. a5 d3 40. Qd6 e4 41. f3 Kh7 42. a6 Bc3 43. Qd7+ Kh8 44. Qh3+ Kg7 45. Qd7+ Kh8 46. Qh3+ Kg7 47. Qd7+ 1/2-1/2

[Event "UKR-ch sf U20 Girls"]
[Site "Lvov"]
[Date "2008.12.07"]
[Round "6"]
[White "Maiko, Alina"]
[Black "Mamedova, Leila"]
[Result "1/2-1/2"]
[WhiteElo "2110"]
[BlackElo "1991"]
[PlyCount "138"]
[EventDate "2008.12.02"]
[EventType "swiss"]
[EventRounds "9"]
[EventCountry "UKR"]
[SourceTitle "EXT 2010"]
[Source "ChessBase"]
[SourceDate "2010.11.25"]
[SourceVersion "1"]
[SourceVersionDate "2010.11.25"]
[SourceQuality "1"]

1. d4 Nf6 2. Nf3 e6 3. c4 b6 4. Nc3 Bb4 5. Bg5 Bb7 6. e3 0-0 7. Be2 h6 8. Bh4 d6 9. 0-0 Bxc3 10. bxc3 Nbd7 11. Nd2 Qc8 12. f3 d5 13. Bf2 c5 14. Rc1 Qc6 15. Qb3 a6 16. cxd5 exd5 17. c4 Rac8 18. cxd5 Nxd5 19. Bc4 b5 20. Bxd5 Qxd5 21. Qb2 cxd4 22. e4 Qg5 23. Bxd4 Qg6 24. Nb3 Nb6 25. Nc5 Rc7 26. Be5 Rxc5 27. Rxc5 Na4 28. Qf2 Nxc5 29. Qxc5 Rc8 30. Qd6 Qxd6 31. Bxd6 Rc2 32. a3 Rd2 33. Bb4 Rd7 34. Rc1 g6 35. Kf2 Kg7 36. Ke3 Kf6 37. f4 h5 38. h3 Kg7 39. g4 hxg4 40. hxg4 Kf6 41. g5+ Ke6 42. Rc5 f6 43. f5+ Kf7 44. gxf6 Kxf6 45. Bc3+ Kf7 46. f6 Ke6 47. Bd4 Rh7 48. Re5+ Kd7 49. Kf4 Rh4+ 50. Kg3 Rh7 51. Kg4 Bc6 52. Bb2 Kd6 53. Kf4 Kd7 54. Rg5 Rh6 55. Rg4 Ke6 56. Kg5 Rh8 57. Bd4 Kf7 58. Kf4 Rh5 59. e5 Rf5+ 60. Kg3 Rf3+ 61. Kh2 Rf5 62. Rh4 Rh5 63. Rxh5 gxh5 64. Kg3 Ke6 65. Kf4 a5 66. Kg5 Be8 67. Bc3 a4 68. Kh4 Bf7 69. Kg5 Be8 1/2-1/2

[Event "UKR-ch sf U20 Girls"]
[Site "Lvov"]
[Date "2008.12.06"]
[Round "5"]
[White "Kalinina, Marianna"]
[Black "Maiko, Alina"]
[Result "1/2-1/2"]
[WhiteElo "1928"]
[BlackElo "2110"]
[PlyCount "186"]
[EventDate "2008.12.02"]
[EventType "swiss"]
[EventRounds "9"]
[EventCountry "UKR"]
[SourceTitle "EXT 2010"]
[Source "ChessBase"]
[SourceDate "2010.11.25"]
[SourceVersion "1"]
[SourceVersionDate "2010.11.25"]
[SourceQuality "1"]

1. e4 e6 2. d4 d5 3. exd5 exd5 4. Bd3 Bd6 5. c3 Nc6 6. Ne2 Qh4 7. g3 Qh5 8. Qc2 Bh3 9. Rg1 0-0-0 10. Nd2 Kb8 11. b4 Re8 12. f3 Bd7 13. Rg2 f5 14. Kf2 Nf6 15. Nb3 Rhf8 16. Bf4 g5 17. Bxd6 cxd6 18. Rf1 f4 19. gxf4 Qh4+ 20. Kg1 gxf4 21. Bf5 Rxe2 22. Rxe2 Qg5+ 23. Bg4 h5 24. h3 hxg4 25. hxg4 Nh5 26. Rh2 Ng3 27. Re1 Bxg4 28. fxg4 Qxg4 29. Rg2 f3 30. Qf2 Rg8 31. Rxg3 Qxg3+ 32. Qxg3 Rxg3+ 33. Kf2 Rg2+ 34. Kxf3 Rxa2 35. Ke3 b5 36. Kd3 Rg2 37. Rh1 Rg3+ 38. Kd2 Rg2+ 39. Kd3 Rg3+ 40. Kd2 Nxb4 41. Rh7 Rd3+ 42. Kc1 Rxc3+ 43. Kb2 Rc2+ 44. Kb1 Rc7 45. Rh6 Rd7 46. Kb2 Nc6 47. Rh5 Kc7 48. Rxd5 Kb6 49. Nd2 Nb4 50. Rh5 Re7 51. Rh6 Kc6 52. Nb3 Re2+ 53. Kc3 Nd5+ 54. Kd3 Nf4+ 55. Kc3 Re6 56. Rh8 Nd5+ 57. Kb2 Ne3 58. Ka3 Re4 59. Kb4 Nc4 60. Ra8 a5+ 61. Nxa5+ Nxa5 62. Kxa5 Rxd4 63. Rc8+ Kd7 64. Rc2 b4 65. Ka4 Ke6 66. Kb3 Ke5 67. Rc8 Ke4 68. Re8+ Kd3 69. Re6 d5 70. Re5 Kd2 71. Re8 Kd3 72. Re5 Kd2 73. Re8 Re4 74. Rd8 Rd4 75. Re8 Re4 76. Rd8 d4 77. Kxb4 d3+ 78. Kb3 Re6 79. Ra8 Ke3 80. Rh8 Rb6+ 81. Kc3 Rc6+ 82. Kb2 Rc4 83. Rh3+ Ke2 84. Rh2+ Ke1 85. Rh1+ Kf2 86. Rh2+ Ke3 87. Rh3+ Kd4 88. Rh4+ Kc5 89. Rh3 d2 90. Rd3 Rd4 91. Rxd4 Kxd4 92. Kc2 Ke3 93. Kd1 Kd3 1/2-1/2

[Event "UKR-ch U20 Girls"]
[Site "Odessa"]
[Date "2008.03.14"]
[Round "10"]
[White "Orlyanskaya, Darya"]
[Black "Maiko, Alina"]
[Result "0-1"]
[WhiteElo "2100"]
[BlackElo "2053"]
[PlyCount "92"]
[EventDate "2008.03.05"]
[EventType "tourn"]
[EventRounds "11"]
[EventCountry "UKR"]
[EventCategory "1"]
[SourceTitle "CBM 123 Extra"]
[Source "ChessBase"]
[SourceDate "2008.05.06"]
[SourceVersion "1"]
[SourceVersionDate "2008.05.06"]
[SourceQuality "1"]

1. e4 e6 2. Nc3 d5 3. d4 Bb4 4. e5 c5 5. Bd2 cxd4 6. Nb5 Be7 7. Qg4 g6 8. Nf3 Nc6 9. 0-0-0 h5 10. Qf4 Nh6 11. Nbxd4 Nxd4 12. Nxd4 Bd7 13. h4 Rc8 14. Rh3 Ng4 15. Be2 Qc7 16. Rc3 Qxe5 17. Rxc8+ Bxc8 18. Bb5+ Bd7 19. Qf3 Qxd4 20. Bxd7+ Kxd7 21. Bc3 Qxf2 22. Bxh8 Qxf3 23. gxf3 Ne3 24. Rd3 Nf5 25. Bd4 b6 26. Be5 Nxh4 27. Kd2 f6 28. Bb8 a5 29. Ke2 Nf5 30. Rc3 Nd4+ 31. Kd1 Nc6 32. Bh2 e5 33. Bg1 d4 34. Rb3 Bc5 35. a3 g5 36. Rd3 g4 37. fxg4 hxg4 38. c3 a4 39. Rg3 f5 40. Kd2 Ke6 41. Rg2 e4 42. Ke2 d3+ 43. Kd2 Bxg1 44. Rxg1 Ne5 45. Rh1 Nc4+ 46. Kc1 e3 0-1

[Event "UKR-ch U20 Girls"]
[Site "Odessa"]
[Date "2008.03.08"]
[Round "4"]
[White "Kalinina, Marianna"]
[Black "Maiko, Alina"]
[Result "1-0"]
[WhiteElo "1717"]
[BlackElo "2053"]
[PlyCount "67"]
[EventDate "2008.03.05"]
[EventType "tourn"]
[EventRounds "11"]
[EventCountry "UKR"]
[EventCategory "1"]
[SourceTitle "CBM 123 Extra"]
[Source "ChessBase"]
[SourceDate "2008.05.06"]
[SourceVersion "1"]
[SourceVersionDate "2008.05.06"]
[SourceQuality "1"]

1. e4 e6 2. d4 d5 3. exd5 exd5 4. Bd3 Bd6 5. Ne2 Nc6 6. c3 Nge7 7. Bf4 Be6 8. Nd2 Qd7 9. Qc2 0-0-0 10. b4 Ng6 11. Bxd6 Qxd6 12. a4 Rde8 13. 0-0 Nf4 14. Nxf4 Qxf4 15. a5 Ne7 16. b5 Qd6 17. Nb3 Ng6 18. Nc5 Nf4 19. Bf5 g6 20. Bxe6+ fxe6 21. g3 Nh5 22. Nd3 Nf6 23. Ne5 Ref8 24. a6 b6 25. Nc6 Kd7 26. Nxa7 Ne4 27. Nc6 Kc8 28. c4 h5 29. f3 Ng5 30. c5 bxc5 31. dxc5 Qd7 32. Qa4 Nxf3+ 33. Rxf3 Rxf3 34. a7 1-0

[Event "UKR-ch U20 Girls"]
[Site "Odessa"]
[Date "2008.03.07"]
[Round "3"]
[White "Muzychuk, Mariya"]
[Black "Maiko, Alina"]
[Result "1-0"]
[WhiteElo "2357"]
[BlackElo "2053"]
[PlyCount "79"]
[EventDate "2008.03.05"]
[EventType "tourn"]
[EventRounds "11"]
[EventCountry "UKR"]
[EventCategory "1"]
[SourceTitle "CBM 123 Extra"]
[Source "ChessBase"]
[SourceDate "2008.05.06"]
[SourceVersion "1"]
[SourceVersionDate "2008.05.06"]
[SourceQuality "1"]

1. e4 e6 2. d4 d5 3. Nc3 Bb4 4. e5 c5 5. a3 Bxc3+ 6. bxc3 Qa5 7. Bd2 Qa4 8. Qb1 a6 9. Nf3 Nc6 10. Qb2 f6 11. Bd3 fxe5 12. Nxe5 Nxe5 13. dxe5 Qg4 14. Kf1 c4 15. Be2 Qf5 16. f4 Ne7 17. g4 Qf7 18. Kg2 0-0 19. Raf1 b5 20. Kg3 Bb7 21. Bf3 Ng6 22. Bg2 Qc7 23. h4 h6 24. h5 Ne7 25. Be3 Nc6 26. Bd4 Nxd4 27. cxd4 c3 28. Qb3 a5 29. f5 a4 30. Qb4 exf5 31. gxf5 Qd8 32. Rh4 Qg5+ 33. Rg4 Qe3+ 34. Rf3 Qe1+ 35. Kh2 Qe2 36. f6 Rf7 37. Rfg3 Qc4 38. Rxg7+ Rxg7 39. Rxg7+ Kh8 40. Qe7 1-0

[Event "UKR-ch sf U20 Girls"]
[Site "Lvov"]
[Date "2007.12.09"]
[Round "8"]
[White "Chumak, Ninel"]
[Black "Maiko, Alina"]
[Result "1/2-1/2"]
[WhiteElo "1937"]
[BlackElo "2065"]
[PlyCount "37"]
[EventDate "2007.12.02"]
[EventType "swiss"]
[EventRounds "9"]
[EventCountry "UKR"]
[SourceTitle "CBM 121 Extra"]
[Source "ChessBase"]
[SourceDate "2008.01.10"]
[SourceVersion "1"]
[SourceVersionDate "2008.01.10"]
[SourceQuality "1"]

1. e4 e6 2. d4 d5 3. Nd2 Nc6 4. Ngf3 Nf6 5. e5 Nd7 6. Be2 f6 7. exf6 Qxf6 8. Nf1 Bd6 9. Ne3 0-0 10. 0-0 Qg6 11. g3 Nf6 12. Nh4 Qe8 13. f4 Ne7 14. Nf3 c5 15. c3 b6 16. Re1 Ne4 17. a3 Bb7 18. Bf1 Qh5 19. Nd2 1/2-1/2

[Event "UKR-ch sf U20 Girls"]
[Site "Lvov"]
[Date "2007.12.08"]
[Round "7"]
[White "Maiko, Alina"]
[Black "Zingaylo, Anastasiya"]
[Result "1/2-1/2"]
[WhiteElo "2065"]
[BlackElo "2090"]
[PlyCount "41"]
[EventDate "2007.12.02"]
[EventType "swiss"]
[EventRounds "9"]
[EventCountry "UKR"]
[SourceTitle "CBM 121 Extra"]
[Source "ChessBase"]
[SourceDate "2008.01.10"]
[SourceVersion "1"]
[SourceVersionDate "2008.01.10"]
[SourceQuality "1"]

1. d4 d5 2. Bg5 Nf6 3. Bxf6 exf6 4. e3 Bd6 5. c4 dxc4 6. Bxc4 0-0 7. Nc3 c6 8. Nf3 Bg4 9. Be2 f5 10. 0-0 Nd7 11. a3 Nf6 12. Qc2 h6 13. Rfd1 g6 14. b4 Qe7 15. h3 Bh5 16. Ne1 Bxe2 17. Qxe2 Rfe8 18. Nc2 a6 19. Na4 Nd5 20. Qf3 Rad8 21. Re1 1/2-1/2

[Event "UKR-ch sf U20 Girls"]
[Site "Lvov"]
[Date "2007.12.07"]
[Round "6"]
[White "Tsirulnik, Maritsa"]
[Black "Maiko, Alina"]
[Result "1/2-1/2"]
[WhiteElo "2095"]
[BlackElo "2065"]
[PlyCount "111"]
[EventDate "2007.12.02"]
[EventType "swiss"]
[EventRounds "9"]
[EventCountry "UKR"]
[SourceTitle "CBM 121 Extra"]
[Source "ChessBase"]
[SourceDate "2008.01.10"]
[SourceVersion "1"]
[SourceVersionDate "2008.01.10"]
[SourceQuality "1"]

1. e4 e6 2. d4 d5 3. Nd2 dxe4 4. Nxe4 Bd7 5. Nf3 Bc6 6. Bd3 Nd7 7. Qe2 Ngf6 8. Nxf6+ Nxf6 9. Bg5 Be7 10. 0-0-0 Bxf3 11. Qxf3 Qd5 12. Qxd5 Nxd5 13. Bd2 0-0-0 14. c3 Bd6 15. g3 c5 16. c4 Nf6 17. Bc3 cxd4 18. Bxd4 Bf4+ 19. Be3 Bxe3+ 20. fxe3 Ng4 21. Rd2 Nxe3 22. Be2 Rxd2 23. Kxd2 Nf5 24. Rf1 Rd8+ 25. Kc3 Nd4 26. Bd3 f5 27. Re1 g6 28. c5 Nf3 29. Rxe6 Nxh2 30. Bc4 Nf3 31. c6 bxc6 32. Re7 Ng5 33. Rxa7 Rd7 34. Ba6+ Kd8 35. Ra8+ Ke7 36. Bd3 Kd6 37. a4 Ne4+ 38. Bxe4 fxe4 39. Kd4 Rb7 40. Kxe4 Rxb2 41. a5 Rb4+ 42. Kf3 Ra4 43. a6 Kc5 44. Rh8 Rxa6 45. Rxh7 Kb4 46. Rb7+ Kc4 47. Rg7 c5 48. g4 Kb3 49. Rb7+ Kc3 50. Ke4 c4 51. Rc7 Kb3 52. Kd4 Ra4 53. Rc6 g5 54. Rc5 c3+ 55. Kd3 Rxg4 56. Rxc3+ 1/2-1/2

[Event "Kharkov op"]
[Site "Kharkov"]
[Date "2007.10.25"]
[Round "6"]
[White "Burtasova, Anna"]
[Black "Maiko, Alina"]
[Result "1-0"]
[WhiteElo "2328"]
[BlackElo "2065"]
[PlyCount "63"]
[EventDate "2007.10.21"]
[EventType "swiss"]
[EventRounds "11"]
[EventCountry "UKR"]
[SourceTitle "EXT 2009"]
[Source "ChessBase"]
[SourceDate "2008.11.26"]
[SourceVersion "1"]
[SourceVersionDate "2008.11.26"]
[SourceQuality "1"]

1. e4 e6 2. d4 d5 3. e5 b6 4. c3 Qd7 5. a4 a5 6. Bb5 c6 7. Bd3 Ba6 8. Bc2 c5 9. Ne2 Nc6 10. Be3 cxd4 11. Bxd4 Nxd4 12. Nxd4 Qc7 13. f4 Bc5 14. Na3 Qe7 15. Nab5 Qh4+ 16. g3 Qe7 17. Qf3 Bxd4 18. Nxd4 g6 19. 0-0-0 Qc5 20. g4 Ne7 21. f5 gxf5 22. gxf5 Kd7 23. fxe6+ fxe6 24. Qh3 Bc8 25. Qxe6+ Kc7 26. Nb5+ Kb8 27. Qf6 Rd8 28. Rhe1 Nc6 29. e6 Rf8 30. Qg7 Qe7 31. Qg3+ Kb7 32. Rxd5 1-0

[Event "Kharkov op"]
[Site "Kharkov"]
[Date "2007.10.23"]
[Round "3"]
[White "Maiko, Alina"]
[Black "Malakhova, Elizaveta"]
[Result "1-0"]
[WhiteElo "2065"]
[BlackElo "2111"]
[PlyCount "63"]
[EventDate "2007.10.21"]
[EventType "swiss"]
[EventRounds "11"]
[EventCountry "UKR"]
[SourceTitle "EXT 2009"]
[Source "ChessBase"]
[SourceDate "2008.11.26"]
[SourceVersion "1"]
[SourceVersionDate "2008.11.26"]
[SourceQuality "1"]

1. d4 Nf6 2. Nf3 e6 3. c4 c5 4. d5 exd5 5. cxd5 d6 6. Nc3 g6 7. Nd2 Bg7 8. Nc4 0-0 9. Bf4 Ne8 10. h4 Na6 11. Qd2 h5 12. Ne4 b5 13. Ne3 Rb8 14. g4 hxg4 15. h5 f5 16. Ng5 gxh5 17. Rxh5 Nf6 18. Rh2 c4 19. Bg2 Nc5 20. Ne6 Bxe6 21. dxe6 Nfe4 22. Bxe4 Nxe4 23. Qd5 Qa5+ 24. Kf1 Bxb2 25. Nxf5 Rxf5 26. Qxf5 Qc7 27. Qxe4 Bxa1 28. e7 Kf7 29. Rh7+ Bg7 30. Bh6 Ke8 31. Rxg7 Qb7 32. Qg6+ 1-0

[Event "Kharkov op"]
[Site "Kharkov"]
[Date "2007.10.22"]
[Round "2"]
[White "Doluhanova, Evgeniya"]
[Black "Maiko, Alina"]
[Result "1-0"]
[WhiteElo "2208"]
[BlackElo "2065"]
[PlyCount "37"]
[EventDate "2007.10.21"]
[EventType "swiss"]
[EventRounds "11"]
[EventCountry "UKR"]
[SourceTitle "EXT 2009"]
[Source "ChessBase"]
[SourceDate "2008.11.26"]
[SourceVersion "1"]
[SourceVersionDate "2008.11.26"]
[SourceQuality "1"]

1. e4 e6 2. d4 d5 3. Nc3 dxe4 4. Nxe4 Bd7 5. Nf3 Bc6 6. Bd3 Nd7 7. 0-0 Ngf6 8. Ng3 Be7 9. c4 b6 10. Qe2 0-0 11. Rd1 Bb7 12. Ne5 c5 13. dxc5 Bxc5 14. Nxd7 Nxd7 15. Bc2 Bc6 16. b4 Bxb4 17. Bb2 Qg5 18. Be4 Bxe4 19. Nxe4 1-0

[Event "UKR Games (Women) 3rd"]
[Site "Evpatoria"]
[Date "2007.05.22"]
[Round "3"]
[White "Maiko, Alina"]
[Black "Mutchnik, Larisa"]
[Result "1-0"]
[WhiteElo "2067"]
[BlackElo "2168"]
[PlyCount "87"]
[EventDate "2007.05.21"]
[EventType "team"]
[EventRounds "7"]
[EventCountry "UKR"]
[SourceTitle "CBM 118 Extra"]
[Source "ChessBase"]
[SourceDate "2007.07.04"]
[SourceVersion "1"]
[SourceVersionDate "2007.07.04"]
[SourceQuality "1"]

1. d4 d5 2. Bg5 Nc6 3. e3 f6 4. Bh4 Nh6 5. c4 Nf5 6. Bg3 Nxg3 7. hxg3 e5 8. Nf3 Bg4 9. dxe5 Bb4+ 10. Nc3 d4 11. exd4 Bxf3 12. gxf3 Qxd4 13. Qxd4 Nxd4 14. 0-0-0 fxe5 15. f4 0-0-0 16. fxe5 c6 17. f4 h6 18. Bd3 Rhf8 19. Ne4 b6 20. a3 Be7 21. b4 a5 22. c5 bxc5 23. Nxc5 Bxc5 24. bxc5 Nb3+ 25. Kc2 Nxc5 26. Bc4 Kc7 27. Rhe1 Rxd1 28. Kxd1 Kd7 29. Kc2 g5 30. Rd1+ Ke7 31. Rd4 gxf4 32. gxf4 h5 33. Kd2 Rd8 34. Rxd8 Kxd8 35. Ke3 Ke7 36. f5 Nd7 37. Kf4 h4 38. Bf1 c5 39. f6+ Kf8 40. Kf5 Nb6 41. e6 Nd5 42. e7+ Nxe7+ 43. fxe7+ Kxe7 44. Ke5 1-0

[Event "Kharkov Rector Cup (Women) 9th"]
[Site "Kharkov"]
[Date "2007.03.26"]
[Round "11"]
[White "Gorbatenko, Kateryna"]
[Black "Maiko, Alina"]
[Result "0-1"]
[WhiteElo "2082"]
[BlackElo "2075"]
[PlyCount "88"]
[EventDate "2007.03.18"]
[EventType "tourn"]
[EventRounds "11"]
[EventCountry "UKR"]
[SourceTitle "CBM 117 Extra"]
[Source "ChessBase"]
[SourceDate "2007.05.09"]
[SourceVersion "1"]
[SourceVersionDate "2007.05.09"]
[SourceQuality "1"]

1. Nf3 Nf6 2. c4 c5 3. Nc3 Nc6 4. e3 g6 5. d4 cxd4 6. exd4 d5 7. Be2 Bg7 8. 0-0 0-0 9. h3 b6 10. Re1 Bb7 11. Bg5 dxc4 12. Bxc4 e6 13. a3 Ne7 14. Ne5 h6 15. Bh4 Nf5 16. Bg3 Qxd4 17. Qxd4 Nxd4 18. Rad1 Rfd8 19. Nb5 Nxb5 20. Bxb5 a6 21. Bc6 Rxd1 22. Rxd1 Bxc6 23. Nxc6 Nd5 24. b3 Bf8 25. a4 Rc8 26. Nb8 a5 27. Nd7 Rc2 28. Rxd5 exd5 29. Nf6+ Kh8 30. Nxd5 Rc1+ 31. Kh2 Rc6 32. Be5+ Bg7 33. Bf4 Bd4 34. Bxh6 Bxf2 35. Bf4 Bd4 36. Kg3 Rc2 37. Kf3 f5 38. b4 axb4 39. Nxb4 Rc4 40. Nd5 Rxa4 41. g4 fxg4+ 42. Kxg4 Be5 43. Kg5 Bxf4+ 44. Nxf4 Rxf4 0-1